Fußball Rivalitäten (Schwer) - Statistiken

Allgemein
  • Dieses Quiz wurde 60 mal gespielt
  • Das Durchschnittsergebnis liegt bei 12 aus 46
Antwortstatistiken
Hint Antwort % Korrekt
Sparta Prag Slavia Prag
75%
SV Waldhof Mannheim 1. FC Kaiserslautern
66%
CFC Genua Sampdoria Genua
64%
FC Rot-Weiß Erfurt FC Carl Zeiss Jena
58%
MSV Duisburg Rot-Weiss Essen
58%
ZSKA Moskau Spartak Moskau
58%
Hallescher FC 1. FC Magdeburg
53%
FC Kopenhagen Bröndby IF
53%
Boavista Porto FC Porto
51%
Holstein Kiel VfB Lübeck
45%
Levski Sofia ZSKA Sofia
45%
Sheffield United Sheffield Wednesday
43%
UD Levante FC Valencia
38%
Dinamo Zagreb Hajduk Split
34%
SK Sturm Graz Grazer AK
32%
Club Brügge Cercle Brügge
30%
Würzburger Kickers 1. FC Schweinfurt
26%
Newcastle United AFC Sunderland
26%
AS Saint Etienne Olympique Lyon
25%
FC Energie Cottbus SV Babelsberg 03
25%
KS Cracovia Wisla Krakau
23%
FCSB Dinamo Bukarest
21%
Hearts of Midlothian Hibernian FC
19%
Bristol City Bristol Rovers
17%
Cerezo Osaka Gamba Osaka
17%
Willem II Tilburg NAC Breda
15%
Young Boys Bern FC Thun
13%
Olimpija Ljubljana NK Maribor
13%
Wydad Casablanca Raja Casablanca
13%
Universidad de Chile Colo-Colo
11%
Djurgardens IF Hammarby IF
11%
Panathinaikos Athen Olympiacos Piräus
9%
Gremio Porto Alegre SC Internacional Porto Alegre
9%
Independiente Medellin Atletico Nacional
8%
Shamrock Rovers Bohemian FC
8%
PEC Zwolle Go Ahead Eagles
8%
Malmö FF Helsingborgs IF
8%
Slovan Bratislava Spartak Trnava
8%
CD Guadalajara Club America
6%
Glentoran FC Linfield FC
6%
Newell's Old Boys Rosario Central
6%
San Lorenzo CA Huracan
4%
Esperance de Tunis Club Africain
4%
Persib Jakarta Persib Bandung
4%
CA Independiente Racing Club
4%
FC Tokyo Tokyo Verdy
4%
Keine übereinstimmenden Quizze gefunden
Verteilung der Resultate
Anzahl Personen mit jedem Resultat
Perzentil nach korrekt beantworteten Fragen
Ihre Resultats-Entwicklung
Sie haben dieses Quiz noch nicht gespielt